Carlos V 1500-1558 : (Record no. 61802)

MARC details
000 -LEADER
fixed length control field 01031cam a2200253 4500
005 - DATE AND TIME OF LATEST TRANSACTION
control field 20160413141334.0
008 - FIXED-LENGTH DATA ELEMENTS--GENERAL INFORMATION
fixed length control field 160413b sp ||||| |||| 00| 0 spa d
020 ## - INTERNATIONAL STANDARD BOOK NUMBER
International Standard Book Number 849537921X
050 04 - LIBRARY OF CONGRESS CALL NUMBER
Classification number DD180 .5
Item number K64 2001
100 1# - MAIN ENTRY--PERSONAL NAME
Personal name Kohler, Alfred
245 10 - TITLE STATEMENT
Title Carlos V 1500-1558 :
Remainder of title una biografía /
Statement of responsibility, etc Alfred Kohler ; tr. de Cristina García Ohlrich ; rev. cientifica de Bernardo J. García García.
250 ## - EDITION STATEMENT
Edition statement 2a ed.
260 ## - PUBLICATION, DISTRIBUTION, ETC. (IMPRINT)
Place of publication, distribution, etc Madrid :
Name of publisher, distributor, etc Marcial Pons,
Date of publication, distribution, etc 2001
300 ## - PHYSICAL DESCRIPTION
Extent xiii, 448 p. :
Other physical details il. ;
Dimensions 22 cm.
500 ## - GENERAL NOTE
General note Nota : Título original: Karl V. 1500-1558. Eine Biographie.
504 ## - BIBLIOGRAPHY, ETC. NOTE
Bibliography, etc Bibliografía: p. 399-423
504 ## - BIBLIOGRAPHY, ETC. NOTE
Bibliography, etc Incluye índice
600 17 - SUBJECT ADDED ENTRY--PERSONAL NAME
Source of heading or term LEMB
Personal name Carlos V,
Titles and other words associated with a name Imperio Romano Germánico,
Dates associated with a name 1500-1558
General subdivision Biografía
650 #7 - SUBJECT ADDED ENTRY--TOPICAL TERM
Source of heading or term LEMB
Topical term or geographic name as entry element Sacro imperio romano germánico
General subdivision Reyes y gobernantes
-- Biografía
651 #7 - SUBJECT ADDED ENTRY--GEOGRAPHIC NAME
Source of heading or term LEMB
Geographic name Sacro imperio romano germánico
General subdivision Historia
Chronological subdivision Carlos V, 1519-1556
700 1# - ADDED ENTRY--PERSONAL NAME
Personal name García Ohlrich, Cristina,
Relator term tr.
700 1# - ADDED ENTRY--PERSONAL NAME
Personal name García García, Bernardo J.,
Relator term tr.
942 ## - ADDED ENTRY ELEMENTS (KOHA)
Source of classification or shelving scheme Biblioteca del Cogreso de los Estados Unidos
Koha item type Libro
Holdings
Estado de pérdida Fuente de clasificación Estado del daño No para préstamo Ubicación permanente Ubicación actual Apartado o colección Fecha de adquisición Edición Dependencia de educación superior (DES) Área del conocimiento Clasificación Código de Barras Date last seen Número de copia Tipo de recurso Nota pública
  Biblioteca del Cogreso de los Estados Unidos     Biblioteca del Instituto de Investigaciones Históricas Biblioteca del Instituto de Investigaciones Históricas General 13/04/2016 2a ed. Humanidades Educación y Humanidades DD180 .5 K64 2001 IIH000013929 13/04/2016 C: 1 Libro GENERAL